00453nam a2200157Ia 450000500170000000800410001702000150005808200160007310000140008924500650010326000610016830000210022965000130025065000160026365000160027920250214020017.0240331s9999 xx 000 0 und d a1878379151 bLITa954.93 aLittle, D 0aSri Lanka the invention of enmity :bThe invention of enmity aWashingtonbUnited States Institute of Peace pressc1994 axxviii, 175 p ., aReligion aNationalism aIntolerance